000 00582nam a2200205 a 4500
001 10522
003 CO-ViMGA
008 141112s2004 ck r 000 u spa d
020 _a9580417946
040 _aCO-ViMGA
_bspa
_cCO-ViMGA
082 0 4 _a923.147 Y35m
100 1 _aMarrison ; John,
_914191
245 1 0 _aBoris Yeltsin :
_bDe Bolchevique a Demócrata
250 _a1
260 _aBarcelona :
_bGrupo Editorial Norma,
_c1992
300 _a448p.
650 1 4 _aRUSIA - Política Y GOBIERNO - InvestigaciónES
_914192
650 1 4 _aYELTSIN BORIS 1931
_95014
942 _2ddc
_cBK
999 _c21847
_d21847